=LDR 00000nam 2200000 4500 =001 INLIS000000000015233 =005 20130612110519 =008 ***********************************Ind** =035 ##$$0010-061300000015233 =041 ##$$a Ind =082 ##$$a 621.38 =090 ##$$a 621.38, Ste-a =100 ##$$a Stevenson, William A =245 ##$$a Analisa Sistem Tenaga, William D. Stevenson. JR =260 ##$$a 1982 $b Malang =300 ##$$a VII, 244 hlm, Ilus, 24 cm =650 ##$$a Teknik Listrik =850 ##$$a NBPNMAT